[Event "Buenos Aires PDV Cup 1st"]
[Site "Buenos Aires"]
[Date "2008.12.07"]
[Round "7"]
[White "Garcia, Raimundo"]
[Black "Barletta, Diego"]
[Result "1/2-1/2"]
[WhiteElo "2340"]
[BlackElo "2197"]
[PlyCount "119"]
[EventDate "2008.11.30"]
[EventType "swiss"]
[EventRounds "9"]
[EventCountry "ARG"]
[SourceTitle "CBM 127 Extra"]
[Source "ChessBase"]
[SourceDate "2009.01.08"]
[SourceVersion "2"]
[SourceVersionDate "2009.01.28"]
[SourceQuality "1"]

1. Nf3 Nf6 2. c4 e6 3. g3 c5 4. Bg2 Nc6 5. 0-0 Be7 6. Nc3 0-0 7. d4 cxd4 8. Nxd4 Qa5 9. Nc2 Rd8 10. e4 d6 11. Bd2 Qh5 12. Qxh5 Nxh5 13. Rfd1 Nf6 14. Rac1 Ne5 15. b3 Bd7 16. h3 Nd3 17. Rb1 Bc6 18. Nd4 Be8 19. Be3 Nb4 20. Rd2 a6 21. Rbd1 Rab8 22. a3 Nc6 23. Nxc6 bxc6 24. b4 a5 25. Rb1 axb4 26. axb4 Nd7 27. f4 c5 28. b5 Nb6 29. Bf1 Ra8 30. Rc1 Rd7 31. Bf2 Rda7 32. Rdd1 Bd7 33. e5 dxe5 34. Ne4 Rc7 35. fxe5 Bc8 36. Bg2 Bb7 37. Rd6 Nd7 38. b6 Bxd6 39. Nxd6 Nxb6 40. Bxb7 Ra4 41. g4 Nxc4 42. Nxc4 Rxb7 43. Rc2 h6 44. Nd6 Rd7 45. Rxc5 Kh7 46. Bg3 Kg6 47. Kg2 h5 48. gxh5+ Kxh5 49. Rc3 Rb4 50. Rf3 Kg6 51. Bf4 Ra7 52. h4 f6 53. Bg3 fxe5 54. Bxe5 Rxh4 55. Rg3+ Kh7 56. Ne8 Ra2+ 57. Kf3 Ra3+ 58. Kg2 Rxg3+ 59. Kxg3 Rh1 60. Nxg7 1/2-1/2

[Event "Bois Colombes schev"]
[Site "Bois Colombes"]
[Date "2003.12.29"]
[Round "6"]
[White "Barletta, Diego"]
[Black "Stenel, Vincent"]
[Result "0-1"]
[WhiteElo "2248"]
[BlackElo "2088"]
[PlyCount "78"]
[EventDate "2003.12.22"]
[EventType "schev"]
[EventRounds "7"]
[EventCountry "FRA"]
[SourceTitle "EXT 2005"]
[Source "ChessBase"]
[SourceDate "2004.11.15"]
[SourceVersion "1"]
[SourceVersionDate "2004.11.15"]
[SourceQuality "1"]

1. e4 e6 2. d4 d5 3. Nc3 Bb4 4. e5 c5 5. a3 Bxc3+ 6. bxc3 Qc7 7. Qg4 f5 8. Qg3 Ne7 9. Qxg7 Rg8 10. Qxh7 cxd4 11. Ne2 Nbc6 12. f4 dxc3 13. Be3 Bd7 14. Qh5+ Ng6 15. Qf3 0-0-0 16. Bf2 d4 17. Nxd4 Nxd4 18. Bxd4 Bc6 19. Qe3 Nxf4 20. Qxc3 Bxg2 21. Rg1 Qxc3+ 22. Bxc3 Bxf1 23. Rxf1 Nh3 24. Rd1 Rxd1+ 25. Kxd1 Rg2 26. Bd4 b6 27. Rf3 Rxh2 28. Rg3 Kb7 29. Rg7+ Ka6 30. Re7 Nf4 31. a4 Rg2 32. a5 Kxa5 33. Rxa7+ Kb5 34. Rd7 Nd5 35. Rd6 Kc4 36. Bxb6 Nc3+ 37. Ke1 Re2+ 38. Kf1 Rxe5 39. Rc6+ Kb5 0-1

[Event "Bois Colombes schev"]
[Site "Bois Colombes"]
[Date "2003.12.26"]
[Round "4"]
[White "Barletta, Diego"]
[Black "Debeaune, Robin"]
[Result "0-1"]
[WhiteElo "2248"]
[BlackElo "2168"]
[PlyCount "102"]
[EventDate "2003.12.22"]
[EventType "schev"]
[EventRounds "7"]
[EventCountry "FRA"]
[SourceTitle "EXT 2005"]
[Source "ChessBase"]
[SourceDate "2004.11.15"]
[SourceVersion "1"]
[SourceVersionDate "2004.11.15"]
[SourceQuality "1"]

1. e4 c5 2. Nf3 d6 3. d4 cxd4 4. Nxd4 Nf6 5. Nc3 g6 6. Be3 Bg7 7. f3 Nc6 8. Qd2 0-0 9. g4 Be6 10. 0-0-0 Nxd4 11. Bxd4 Qa5 12. a3 Rfc8 13. h4 Rab8 14. h5 b5 15. hxg6 fxg6 16. Nd5 Qxd2+ 17. Rxd2 Nxd5 18. Bxg7 Kxg7 19. exd5 Bf7 20. g5 Rc5 21. Re2 Rb7 22. Reh2 Bg8 23. f4 Rbc7 24. Bd3 Rxd5 25. Kb1 a5 26. Re1 b4 27. Rhe2 Kf8 28. axb4 axb4 29. b3 Ra5 30. Re4 Rca7 31. Kc1 Ra1+ 32. Kd2 Rxe1 33. Rxe1 Bd5 34. Be4 Ra5 35. Kd3 Bf7 36. Ke3 e5 37. fxe5 Rxe5 38. Kf4 Bd5 39. Re3 Bxe4 40. Rxe4 Rxe4+ 41. Kxe4 Kg7 42. Kd3 h5 43. gxh6+ Kxh6 44. c3 Kg5 45. cxb4 Kf5 46. Kc4 g5 47. Kd5 g4 48. b5 g3 49. b6 g2 50. b7 g1Q 51. b8Q Qc5# 0-1

[Event "Bois Colombes schev"]
[Site "Bois Colombes"]
[Date "2003.12.23"]
[Round "2"]
[White "Barletta, Diego"]
[Black "Guichard, Pauline"]
[Result "1-0"]
[WhiteElo "2248"]
[BlackElo "1996"]
[PlyCount "49"]
[EventDate "2003.12.22"]
[EventType "schev"]
[EventRounds "7"]
[EventCountry "FRA"]
[SourceTitle "EXT 2005"]
[Source "ChessBase"]
[SourceDate "2004.11.15"]
[SourceVersion "1"]
[SourceVersionDate "2004.11.15"]
[SourceQuality "1"]

1. e4 e5 2. Nf3 Nc6 3. Bb5 Nf6 4. d3 d6 5. 0-0 Bd7 6. c3 g6 7. Nbd2 Bg7 8. Re1 0-0 9. Ba4 Qe7 10. d4 Nd8 11. Bc2 Nh5 12. Nc4 b5 13. Ne3 Ne6 14. g3 c6 15. a4 a6 16. b3 exd4 17. cxd4 c5 18. Bb2 bxa4 19. bxa4 Rab8 20. Nd5 Qd8 21. Bc3 Nc7 22. Ba5 Rc8 23. Rb1 Bc6 24. Nxc7 Rxc7 25. dxc5 1-0

[Event "Bois Colombes schev"]
[Site "Bois Colombes"]
[Date "2003.12.22"]
[Round "1"]
[White "Pietrasanta, Jeremy"]
[Black "Barletta, Diego"]
[Result "1-0"]
[WhiteElo "2199"]
[BlackElo "2248"]
[PlyCount "77"]
[EventDate "2003.12.22"]
[EventType "schev"]
[EventRounds "7"]
[EventCountry "FRA"]
[SourceTitle "EXT 2005"]
[Source "ChessBase"]
[SourceDate "2004.11.15"]
[SourceVersion "1"]
[SourceVersionDate "2004.11.15"]
[SourceQuality "1"]

1. g3 e5 2. Bg2 Nc6 3. c3 g6 4. d3 Bg7 5. Nf3 f5 6. b4 d6 7. b5 Nce7 8. Bb2 Nf6 9. Qb3 a6 10. a4 e4 11. Ng5 d5 12. c4 h6 13. Nh3 Be6 14. Nd2 axb5 15. cxb5 0-0 16. Nf4 Bf7 17. h4 c5 18. Qc2 Rc8 19. Be5 c4 20. dxc4 dxc4 21. 0-0 c3 22. Nb3 Ned5 23. Rac1 Qe7 24. Bxf6 Nxf6 25. e3 g5 26. hxg5 hxg5 27. Ne2 Nd5 28. Nbd4 Qe5 29. g4 Nb4 30. Qb1 Nd3 31. Rxc3 f4 32. Bxe4 Rxc3 33. Nxc3 fxe3 34. Qxd3 Qxd4 35. Ne2 exf2+ 36. Rxf2 Bc4 37. Qxd4 Bxd4 38. Nxd4 Rd8 39. Nf5 1-0

[Event "Evry IM"]
[Site "Evry"]
[Date "2003.04.18"]
[Round "9"]
[White "Midoux, Sebastien"]
[Black "Barletta, Diego"]
[Result "1-0"]
[WhiteElo "2296"]
[BlackElo "2214"]
[PlyCount "53"]
[EventDate "2003.04.10"]
[EventType "tourn"]
[EventRounds "9"]
[EventCountry "FRA"]
[EventCategory "3"]
[SourceTitle "CBM 093 Extra"]
[Source "ChessBase"]
[SourceDate "2003.05.09"]
[SourceVersion "1"]
[SourceVersionDate "2003.05.09"]
[SourceQuality "1"]

1. e4 e5 2. Nf3 Nc6 3. d4 exd4 4. Nxd4 Bc5 5. Nxc6 Qf6 6. Qd2 dxc6 7. Nc3 Ne7 8. Bd3 0-0 9. Qf4 Qxf4 10. Bxf4 Bd6 11. Bd2 Ng6 12. h3 Be6 13. b3 c5 14. g3 c4 15. Be2 cxb3 16. axb3 f5 17. exf5 Bxf5 18. 0-0-0 Bc5 19. f4 Rae8 20. g4 Bc8 21. f5 Ne5 22. Kb1 g6 23. Ne4 Bb6 24. Bg5 Nxg4 25. Bc4+ Kg7 26. hxg4 Rxe4 27. Bh6+ 1-0

[Event "Evry IM"]
[Site "Evry"]
[Date "2003.04.17"]
[Round "8"]
[White "Barletta, Diego"]
[Black "Sanchez, Louis"]
[Result "1/2-1/2"]
[WhiteElo "2214"]
[BlackElo "2238"]
[PlyCount "103"]
[EventDate "2003.04.10"]
[EventType "tourn"]
[EventRounds "9"]
[EventCountry "FRA"]
[EventCategory "3"]
[SourceTitle "CBM 093 Extra"]
[Source "ChessBase"]
[SourceDate "2003.05.09"]
[SourceVersion "1"]
[SourceVersionDate "2003.05.09"]
[SourceQuality "1"]

1. e4 c5 2. Nf3 e6 3. d4 cxd4 4. Nxd4 a6 5. Nc3 b5 6. Bd3 d6 7. 0-0 Nf6 8. Qe2 Be7 9. Bd2 Bb7 10. a4 b4 11. Na2 a5 12. c3 bxc3 13. Nxc3 0-0 14. Rab1 Na6 15. Bxa6 Rxa6 16. f3 Nd7 17. b4 axb4 18. Rxb4 Rb6 19. Rfb1 Rxb4 20. Rxb4 Qc8 21. Qb5 Nc5 22. Qb6 Ba8 23. Ncb5 d5 24. Na7 Qd7 25. Nac6 dxe4 26. Nxe7+ Qxe7 27. Rc4 Nd7 28. Qb4 Qh4 29. fxe4 Ne5 30. Nf3 Nxf3+ 31. gxf3 Qh5 32. Qc3 Bb7 33. Rc5 f5 34. exf5 Bxf3 35. Qe5 Bd5 36. Rc7 Qg4+ 37. Qg3 Qxg3+ 38. hxg3 Rxf5 39. Bc3 Rg5 40. Kf2 Rf5+ 41. Ke2 Rg5 42. Kf2 e5 43. Rc5 e4 44. Rc8+ Kf7 45. Rc7+ Kf8 46. Rc8+ Ke7 47. Rc7+ Kd6 48. Rxg7 Rf5+ 49. Ke2 Bc4+ 50. Ke3 Rf3+ 51. Kd4 Bd3 52. Rxh7 1/2-1/2

[Event "FRA-chT2W 0203"]
[Site "France"]
[Date "2003.04.05"]
[Round "10"]
[White "Barletta, Diego"]
[Black "Saada, Julien"]
[Result "0-1"]
[WhiteElo "2248"]
[BlackElo "2207"]
[PlyCount "80"]
[EventDate "2002.10.??"]
[EventType "team"]
[EventRounds "11"]
[EventCountry "FRA"]
[SourceTitle "EXT 2004"]
[Source "ChessBase"]
[SourceDate "2003.11.25"]
[SourceVersion "1"]
[SourceVersionDate "2003.11.25"]
[SourceQuality "1"]
[WhiteTeam "Evry II"]
[BlackTeam "Migne Auxances"]
[WhiteTeamCountry "FRA"]
[BlackTeamCountry "FRA"]

1. e4 c6 2. Nf3 d5 3. exd5 cxd5 4. d4 Nf6 5. Ne5 e6 6. Nc3 Nfd7 7. f4 Nc6 8. Be3 Bb4 9. Bd3 Qa5 10. 0-0 Bxc3 11. bxc3 Qxc3 12. Qg4 g6 13. Nxc6 bxc6 14. Rae1 f5 15. Qh4 Kf7 16. Rb1 Rb8 17. Qf2 Qa3 18. Qd2 Ba6 19. Bxa6 Qxa6 20. Qc3 Rxb1 21. Rxb1 Rb8 22. Re1 Nf6 23. Bc1 Rb1 24. a3 Ne4 25. Qh3 h5 26. Qd3 Qb6 27. Kf1 a5 28. Ke2 a4 29. Kf1 Qa5 30. Ke2 Qb5 31. Bd2 Nxd2 32. Qxb5 cxb5 33. Kxd2 Rxe1 34. Kxe1 b4 35. Kd2 bxa3 36. Kc1 Ke7 37. Kb1 Kd6 38. Ka2 Kc6 39. Kxa3 Kb5 40. h4 Ka5 0-1

[Event "Syre Memorial op 25th"]
[Site "Issy les Moulineaux"]
[Date "2002.05.11"]
[Round "5"]
[White "Aouizerate, Robert"]
[Black "Barletta, Diego"]
[Result "0-1"]
[WhiteElo "2011"]
[BlackElo "2248"]
[PlyCount "50"]
[EventDate "2002.05.08"]
[EventType "swiss"]
[EventRounds "7"]
[EventCountry "FRA"]
[SourceTitle "EXT 2004"]
[Source "ChessBase"]
[SourceDate "2003.11.25"]
[SourceVersion "1"]
[SourceVersionDate "2003.11.25"]
[SourceQuality "1"]

1. d4 f5 2. c4 Nf6 3. Nc3 g6 4. g3 Bg7 5. Bg2 0-0 6. Nh3 d6 7. d5 Na6 8. 0-0 Nc5 9. Nf4 Bd7 10. Qc2 g5 11. Ne6 Nxe6 12. dxe6 Bxe6 13. Bxb7 Rb8 14. Bg2 h6 15. Nd5 Nh5 16. Rb1 c6 17. Nc3 Qd7 18. b3 f4 19. Bb2 g4 20. gxf4 Nxf4 21. e4 Bxc3 22. Bxc3 Qe8 23. Rbd1 Qh5 24. Qd2 g3 25. fxg3 Ne2+ 0-1

[Event "Syre Memorial op 25th"]
[Site "Issy les Moulineaux"]
[Date "2002.05.11"]
[Round "7"]
[White "Marcelin, Philippe"]
[Black "Barletta, Diego"]
[Result "0-1"]
[WhiteElo "2106"]
[BlackElo "2248"]
[PlyCount "48"]
[EventDate "2002.05.08"]
[EventType "swiss"]
[EventRounds "7"]
[EventCountry "FRA"]
[SourceTitle "EXT 2004"]
[Source "ChessBase"]
[SourceDate "2003.11.25"]
[SourceVersion "1"]
[SourceVersionDate "2003.11.25"]
[SourceQuality "1"]

1. e4 e5 2. Nc3 Nf6 3. Nf3 Nc6 4. d4 exd4 5. Nxd4 Bb4 6. Nxc6 bxc6 7. Bd3 d5 8. exd5 cxd5 9. 0-0 0-0 10. Bg5 c6 11. Qf3 Be7 12. h3 Be6 13. Rfe1 Rb8 14. Ne2 h6 15. Bh4 Rxb2 16. Nd4 Bd7 17. Rxe7 Qxe7 18. Nf5 Bxf5 19. Qxf5 Qe6 20. Qf4 Re8 21. Qd4 Qe5 22. Qxa7 Rxc2 23. Rd1 Rb2 24. Rc1 Qf4 0-1

[Event "Evry IM"]
[Site "Evry"]
[Date "2002.04.27"]
[Round "6"]
[White "Cornette, Matthieu"]
[Black "Barletta, Diego"]
[Result "1-0"]
[WhiteElo "2334"]
[BlackElo "2348"]
[PlyCount "73"]
[EventDate "2002.04.22"]
[EventType "tourn"]
[EventRounds "9"]
[EventCountry "FRA"]
[EventCategory "4"]
[SourceTitle "CBM 088 Extra"]
[Source "ChessBase"]
[SourceDate "2002.07.01"]
[SourceVersion "2"]
[SourceVersionDate "2002.07.01"]
[SourceQuality "1"]

1. e4 e5 2. Nf3 Nc6 3. d4 exd4 4. Nxd4 Bc5 5. Nxc6 Qf6 6. Qd2 dxc6 7. Nc3 Be6 8. Na4 Bd6 9. Qe3 Qe5 10. Bd3 Qa5+ 11. Nc3 Nf6 12. h3 0-0-0 13. Bd2 Rhe8 14. Nb5 Bb4 15. c3 cxb5 16. cxb4 Qa4 17. f3 Nd5 18. exd5 Bxd5 19. Be4 f5 20. Bxf5+ Kb8 21. Be4 Bxe4 22. b3 Qa6 23. fxe4 Qf6 24. Rd1 Rd4 25. Rf1 Qh4+ 26. g3 Qd8 27. Kf2 Rdxe4 28. Qf3 Rf8 29. Bf4 Rd4 30. Rxd4 Qxd4+ 31. Kg2 Re8 32. Rf2 Qxb4 33. Rc2 Rc8 34. Qe3 Qa5 35. Rxc7 Qxa2+ 36. Rc2+ Rc7 37. Qe8# 1-0

[Event "FRA-chT2"]
[Site "France"]
[Date "2002.03.09"]
[Round "8"]
[White "Rabascall, Jacques"]
[Black "Barletta, Diego"]
[Result "0-1"]
[WhiteElo "2100"]
[BlackElo "2267"]
[PlyCount "54"]
[EventDate "2002.??.??"]
[EventType "team"]
[EventRounds "11"]
[EventCountry "FRA"]
[SourceTitle "EXT 2003"]
[Source "ChessBase"]
[SourceDate "2002.11.25"]
[SourceVersion "1"]
[SourceVersionDate "2002.11.25"]
[SourceQuality "1"]
[WhiteTeam "Bordeaux Echecs II"]
[BlackTeam "Evry"]
[WhiteTeamCountry "FRA"]
[BlackTeamCountry "FRA"]

1. Nf3 f5 2. c4 Nf6 3. Nc3 d6 4. d4 g6 5. g3 Bg7 6. Bg2 0-0 7. 0-0 Qe8 8. Qb3 Kh8 9. Ng5 c6 10. d5 Na6 11. Re1 Nc5 12. Qc2 h6 13. b4 Na6 14. Ne6 Nxb4 15. Nxg7 Nxc2 16. Nxe8 Nxe1 17. Bxh6 Rxe8 18. Rxe1 cxd5 19. cxd5 Bd7 20. Be3 Rac8 21. Bd4 Rc4 22. e3 Rec8 23. Ne2 Rc2 24. f4 Bb5 25. Bf3 Bxe2 26. Bxe2 Rxa2 27. Bd3 Kg8 0-1

[Event "Paris Apsap op 33rd"]
[Site "Paris"]
[Date "2002.??.??"]
[Round "5"]
[White "Sagues, Vincent"]
[Black "Barletta, Diego"]
[Result "0-1"]
[WhiteElo "2030"]
[BlackElo "2170"]
[PlyCount "78"]
[EventDate "2002.10.11"]
[EventType "tourn"]
[EventRounds "7"]
[EventCountry "FRA"]
[SourceTitle "EXT 2003"]
[Source "ChessBase"]
[SourceDate "2002.11.25"]
[SourceVersion "1"]
[SourceVersionDate "2002.11.25"]
[SourceQuality "1"]

1. e4 e5 2. Nf3 Nc6 3. Bb5 a6 4. Ba4 Nf6 5. 0-0 Bc5 6. Re1 Ng4 7. Re2 Nd4 8. Nxd4 Bxd4 9. h3 Nxf2 10. Rxf2 0-0 11. c3 Bxf2+ 12. Kxf2 Qh4+ 13. Kg1 Qxe4 14. Bc2 Qh4 15. d3 d6 16. Nd2 Be6 17. Nf3 Qg3 18. Kh1 Rfe8 19. Bg5 f6 20. Bh4 Qg6 21. Qd2 Qh5 22. Kh2 g5 23. g4 Qf7 24. Bg3 h5 25. Nxg5 fxg5 26. Qxg5+ Qg7 27. Qxh5 Rf8 28. d4 Bf7 29. Qh4 Bg6 30. Bb3+ Bf7 31. Bc2 Rae8 32. Re1 exd4 33. Rxe8 Rxe8 34. Bf5 dxc3 35. bxc3 Bg6 36. Bf2 Bxf5 37. gxf5 Qe5+ 38. Kg1 Qxf5 39. Bd4 Kf7 0-1

[Event "Clarin Cup"]
[Site "Villa Martelli"]
[Date "2001.11.01"]
[Round "7"]
[White "Rosito, Jorge"]
[Black "Barletta, Diego"]
[Result "1-0"]
[WhiteElo "2400"]
[BlackElo "2283"]
[PlyCount "79"]
[EventDate "2001.10.26"]
[EventType "swiss"]
[EventRounds "9"]
[EventCountry "ARG"]
[SourceTitle "EXT 2002"]
[Source "ChessBase"]
[SourceDate "2001.11.25"]
[SourceVersion "1"]
[SourceVersionDate "2001.11.25"]
[SourceQuality "1"]

1. e4 c6 2. d4 d5 3. e5 c5 4. dxc5 e6 5. Nf3 Bxc5 6. Bd3 Nc6 7. 0-0 Nge7 8. Bf4 Ng6 9. Bg3 f6 10. c3 0-0 11. Bxg6 hxg6 12. Qd3 f5 13. Bh4 Qc7 14. Re1 a6 15. Nbd2 Bd7 16. Nb3 Ba7 17. Bg5 Rac8 18. Bf4 Nd8 19. Be3 Bb8 20. Bc5 Re8 21. Qe3 Nf7 22. h4 Ba4 23. Bb6 Qe7 24. Nc5 Bb5 25. a4 Bc6 26. Nd3 Kh7 27. Qf4 Rh8 28. Qg3 g5 29. hxg5 g6 30. Nf4 Kg7 31. Nh4 Rhe8 32. Nf3 Rh8 33. Bc5 Qe8 34. Nh4 Bxa4 35. Bd4 Rxh4 36. Qxh4 Bd7 37. Nxd5 Bc6 38. Nf6 Qh8 39. Qf4 Rd8 40. Re3 1-0

[Event "Paris-ch op"]
[Site "Paris"]
[Date "2001.07.25"]
[Round "5"]
[White "Barletta, Diego"]
[Black "Bouton, Christophe"]
[Result "1-0"]
[WhiteElo "2276"]
[BlackElo "2172"]
[PlyCount "51"]
[EventDate "2001.07.21"]
[EventType "swiss"]
[EventRounds "9"]
[EventCountry "FRA"]
[SourceTitle "CBM 083 Extra"]
[Source "ChessBase"]
[SourceDate "2001.09.11"]
[SourceVersion "1"]
[SourceVersionDate "2001.09.11"]
[SourceQuality "1"]

1. e4 e5 2. Nf3 Nc6 3. Bb5 a6 4. Ba4 Nf6 5. Nc3 Bd6 6. d4 exd4 7. Nxd4 Nxd4 8. Qxd4 Qe7 9. Qd3 0-0 10. Bg5 h6 11. Bh4 Bb4 12. 0-0-0 Bxc3 13. Qxc3 Qxe4 14. Rd4 Qxg2 15. Re1 Nd5 16. Rxd5 Qxd5 17. Rg1 g5 18. Qf6 Qxa2 19. b4 Qa3+ 20. Kd1 Qh3 21. Qxh6 Qf3+ 22. Kc1 f6 23. Bb3+ d5 24. Bxg5 Kf7 25. Bxd5+ Qxd5 26. Qxf6+ 1-0

[Event "Paris-ch op"]
[Site "Paris"]
[Date "2001.07.23"]
[Round "3"]
[White "Barletta, Diego"]
[Black "Shneider, Aleksandr"]
[Result "0-1"]
[WhiteElo "2276"]
[BlackElo "2493"]
[PlyCount "63"]
[EventDate "2001.07.21"]
[EventType "swiss"]
[EventRounds "9"]
[EventCountry "FRA"]
[SourceTitle "CBM 083 Extra"]
[Source "ChessBase"]
[SourceDate "2001.09.11"]
[SourceVersion "1"]
[SourceVersionDate "2001.09.11"]
[SourceQuality "1"]

1. e4 c5 2. Nf3 e6 3. d4 cxd4 4. Nxd4 Nc6 5. Nc3 Qc7 6. Be2 a6 7. 0-0 Nf6 8. Kh1 Nxd4 9. Qxd4 Bc5 10. Qd3 b5 11. f4 Bb7 12. Bf3 h5 13. e5 Ng4 14. Bxb7 Qxb7 15. Ne4 Rc8 16. h3 Nh6 17. Qf3 Qc6 18. Be3 Be7 19. g3 Nf5 20. Kg1 Nxe3 21. Qxe3 f5 22. exf6 gxf6 23. Qd4 Rg8 24. Rf3 f5 25. Rc3 Qb7 26. Ng5 Rxc3 27. bxc3 Bxg5 28. fxg5 Rxg5 29. Qh4 Qb6+ 30. Kg2 Qe3 31. Rf1 Rg6 32. Rf3 0-1

[Event "Syre Memorial op 24th"]
[Site "Issy les Moulineaux"]
[Date "2001.05.24"]
[Round "1"]
[White "Barletta, Diego"]
[Black "Aveline, Philippe"]
[Result "1-0"]
[WhiteElo "2230"]
[BlackElo "2138"]
[PlyCount "53"]
[EventDate "2001.05.25"]
[EventType "swiss"]
[EventRounds "6"]
[EventCountry "FRA"]
[SourceTitle "EXT 2003"]
[Source "ChessBase"]
[SourceDate "2002.11.25"]
[SourceVersion "1"]
[SourceVersionDate "2002.11.25"]
[SourceQuality "1"]

1. e4 e6 2. d4 d5 3. Nc3 Bb4 4. exd5 exd5 5. Bd3 c5 6. dxc5 Nc6 7. Nge2 d4 8. a3 Ba5 9. b4 dxc3 10. bxa5 Qxa5 11. 0-0 Nge7 12. Re1 Bg4 13. Rb1 0-0-0 14. Bf4 Qxc5 15. Qc1 a6 16. Bg3 g5 17. Nxc3 Qxc3 18. Rxe7 Nxe7 19. Qxg5 Be6 20. Qxe7 Rd7 21. Qg5 Qd4 22. Bxa6 f5 23. Bd3 Rg8 24. Qd2 Rg4 25. Qh6 Ba2 26. Qf8+ Rd8 27. Bxf5+ 1-0